[Event "Ch Romania"]
[Site "Targu Mures (Romania)"]
[Date "2014.05.01"]
[Round "7"]
[White "Barnaure Vlad-Victor (ROM)"]
[Black "Martian Dragos-Daniel (ROM)"]
[Result "1-0"]
[WhiteElo "2513"]
[BlackElo "2193"]

1.c4 c5 2.Nc3 Nc6 3.Nf3 e6 4.g3 g6 5.d4 cxd4 6.Nxd4 a6 7.Nb3 d6 8.Bg2 Qc7
9.Bf4 Ne5 10.Rc1 Nf6 11.O-O Be7 12.c5 dxc5 13.Nxc5 Bxc5 14.Na4 Qe7 15.Bxe5 Ba7
16.Rc7 Qb4 17.Bxf6 O-O 18.Qc1 Bd4 19.Bxd4 Qxd4 20.Rc4 Qa7 21.Qh6 b5 22.Rh4 f6
23.Bxa8 bxa4 24.Bg2 g5 25.Rxa4 Bd7 26.Rb4 Bb5 27.h4 Qg7 28.Qxg7+ Kxg7 29.hxg5
fxg5 30.a4 Be8 {#r} 1-0

[Event "It (open)"]
[Site "Joinville (Brazil)"]
[Date "2014.05.04"]
[Round "6"]
[White "Disconzi Da Silva Rodrigo (BRA)"]
[Black "Rapouso Ricardo Luis Borba (BRA)"]
[Result "1-0"]
[WhiteElo "2360"]
[BlackElo "1918"]

1.c4 c5 2.Nc3 Nc6 3.Nf3 g6 4.e3 Nf6 5.d4 cxd4 6.exd4 d5 7.cxd5 Nxd5 8.Qb3 Nxc3
9.Bc4 e6 10.bxc3 Bd7 11.Be2 Na5 12.Qd1 Nc6 13.O-O Qa5 14.Rb1 Bg7 15.Rxb7 Rb8
16.Rxb8+ Nxb8 17.Qb3 O-O 18.Bf4 Ba4 19.Qa3 Nd7 20.Bd6 Rc8 21.Bb4 Bf8 22.Rb1
Qf5 23.Rc1 Bc6 24.Bxf8 Rxf8 25.Qd6 Qe4 26.Bf1 Rc8 27.Nd2 Qf5 28.Nc4 h5 29.Ne3
Qa5 {#r} 1-0

[Event "Ch Netherlands (team) 2013/14"]
[Site "Netherlands"]
[Date "2014.05.10"]
[Round "9"]
[White "Erwich Frank AS (NED)"]
[Black "Bertholee Rob (NED)"]
[Result "1-0"]
[WhiteElo "2311"]
[BlackElo "2348"]

1.c4 c5 2.Nc3 Nc6 3.Nf3 g6 4.e3 Nf6 5.d4 cxd4 6.exd4 d5 7.cxd5 Nxd5 8.Qb3 Nxc3
9.Bc4 e6 10.bxc3 Na5 11.Bb5+ Bd7 12.Qa4 Nc6 13.d5 exd5 14.O-O Be7 15.Bh6 Qa5
16.Rfe1 Qxa4 17.Bxa4 Be6 18.Nd4 O-O-O 19.Nxe6 fxe6 20.Rxe6 Kd7 21.Rae1 Rhe8
22.Bb3 Bf6 23.Rxe8 Rxe8 24.Rxe8 Kxe8 25.Bxd5 Bxc3 26.Kf1 Bf6 27.Be3 a6 28.Ke2
Kd7 29.Kf3 b5 30.Ke4 Ne7 31.Bb3 a5 32.g4 h5 33.gxh5 gxh5 34.f4 Kd6 35.Bf7 h4
36.Be8 b4 37.Bb6 a4 38.Bxa4 Nd5 39.Ba5 Kc5 40.Bb3 Nc3+ 41.Kf5 Be7 42.Ke6 Bd6
43.Bxb4+ {#r} 1-0

[Event "It "]
[Site "Sharjah (United Arab Emirates)"]
[Date "2014.07.05"]
[Round "2"]
[White "San Juan Dennis (PHI)"]
[Black "Ammar Sedrani (UAE)"]
[Result "1-0"]
[WhiteElo "2101"]
[BlackElo "1557"]

1.c4 c5 2.Nc3 Nc6 3.Nf3 e6 4.g3 d5 5.cxd5 exd5 6.d3 Nge7 7.Bg2 g6 8.O-O Bg7
9.Bd2 O-O 10.Rc1 Bd7 11.a3 Rc8 12.Re1 b6 13.e4 d4 14.Nd5 f5 15.Bg5 h6 16.Nxe7+
Nxe7 17.Bxe7 Qxe7 18.exf5 Qf7 19.fxg6 Qxg6 20.Qb3+ Kh8 21.Nh4 Qf6 22.f4 Rce8
23.Qd5 Be6 24.Qc6 Qf7 25.f5 Bd7 26.Ng6+ Kg8 27.Qd5 Rxe1+ 28.Rxe1 Re8 29.Rxe8+
Bxe8 30.Qd8 Bf6 31.Qd6 Kh7 32.Bd5 Qg7 33.Nf8+ Kh8 34.Ne6 Be5 35.Qd8 Qd7 36.Qa8
Bd6 37.Bf3 Kh7 38.Qe4 Bf7 39.Qd5 Kg8 40.g4 Qe7 41.Be4 Bxh2+ 42.Kxh2 Qh4+
43.Kg2 Qxg4+ 44.Kf2 Qh4+ 45.Kf1 Qh3+ 46.Kg1 Qg3+ 47.Bg2 Qe1+ 48.Bf1 Qe3+
49.Kh1 Kh7 50.Qe4 Qg3 51.Qf4 Qe1 52.Kg1 Kg8 53.Qg4+ {#r} 1-0

[Event "Ch Bangladesh"]
[Site "Dhaka (Bangladesh)"]
[Date "2014.09.29"]
[Round "9"]
[White "Ahmed Mahtabuddin (BAN)"]
[Black "Hossain Enamul (BAN)"]
[Result "0-1"]
[WhiteElo "2127"]
[BlackElo "2411"]

1.c4 c5 2.Nc3 Nc6 3.Nf3 e5 4.e3 Nf6 5.d4 cxd4 6.exd4 e4 7.Ng5 Bb4 8.d5 Ne5
9.Bd2 O-O 10.Ncxe4 Nxe4 11.Nxe4 Qh4 12.Qc2 Bxd2+ 13.Nxd2 Ng4 14.O-O-O Nxf2
15.Bd3 d6 16.Kb1 Nxd1 17.Qxd1 Bg4 18.Qc2 Rfe8 19.Ne4 Bf5 20.g3 Qxe4 {#R} 0-1

[Event "Ch Croatia (team) (1B)"]
[Site "Bol (Croatia)"]
[Date "2014.10.07"]
[Round "4"]
[White "Galic Ivan (CRO)"]
[Black "Mathe Gaspar (HUN)"]
[Result "1-0"]
[WhiteElo "2367"]
[BlackElo "2323"]

1.c4 c5 2.Nc3 Nc6 3.Nf3 g6 4.e3 Nf6 5.d4 cxd4 6.exd4 d5 7.cxd5 Nxd5 8.Bc4 Nxc3
9.Qb3 Nd5 10.Bxd5 e6 11.Bxc6+ bxc6 12.O-O Qd5 13.Qc3 Bg7 14.Bf4 O-O 15.Rfc1
Bb7 16.Qe3 Rfe8 17.Rc5 Qd8 18.h4 f6 19.Bh6 Bh8 20.h5 Qe7 21.Re1 Rad8 22.Qa3
Ba8 23.hxg6 hxg6 24.Be3 Rd7 25.Nd2 Qh7 26.Ra5 g5 27.Nb3 Ree7 28.Nc5 Rd5
29.Nxe6 Rxe6 30.Rxa7 Bb7 31.Qb3 Re7 32.Bd2 Rd7 33.Rxb7 Qf7 34.Rb8+ {#r} 1-0

[Event "It (open)"]
[Site "Villa Martelli (Argentina)"]
[Date "2014.11.10"]
[Round "4"]
[White "Garcia Raimundo (ARG)"]
[Black "Aparicio Anibal (ARG)"]
[Result "0-1"]
[WhiteElo "2320"]
[BlackElo "2202"]

1.c4 c5 2.Nc3 Nc6 3.Nf3 g6 4.e3 Bg7 5.d4 d6 6.Be2 Nh6 7.d5 Ne5 8.Nxe5 dxe5
9.e4 f5 10.Be3 b6 11.f3 Nf7 12.a3 Bd7 13.b4 Rc8 14.bxc5 bxc5 15.O-O O-O 16.Qd3
Nd6 17.Rfb1 f4 18.Bf2 g5 19.g4 h5 20.h3 hxg4 21.hxg4 a6 22.Bd1 Qa5 23.Bb3 Rf6
24.Qc2 Kf7 25.Ba4 Bxa4 26.Nxa4 Rh6 27.Kg2 Rch8 28.Rh1 Rxh1 29.Rxh1 Rxh1
30.Kxh1 Nb7 31.Kg2 Bf8 32.Kf1 e6 33.Be1 Qc7 34.Bc3 Bd6 35.Nb2 Nd8 36.Nd3 Kf6
37.Ke2 Nb7 38.Qb2 Ke7 39.Kd1 exd5 40.exd5 Qd7 41.Bxe5 Qa4+ 42.Kd2 Bxe5 43.Nxe5
Nd6 44.Qc3 Ke8 45.Qd3 Kf8 46.Ke2 Qe8 {#R} 0-1

[Event "It (open)"]
[Site "Zurich (Switzerland)"]
[Date "2014.12.27"]
[Round "2"]
[White "Bauer Christian (FRA)"]
[Black "Rindlisbacher Lars (SUI)"]
[Result "1-0"]
[WhiteElo "2641"]
[BlackElo "2336"]

1.c4 c5 2.Nc3 Nc6 3.Nf3 e5 4.e3 f5 5.d4 e4 6.d5 exf3 7.dxc6 dxc6 8.Qxd8+ Kxd8
9.gxf3 g6 10.e4 Bd6 11.Be3 Nf6 12.Bg5 Rf8 13.O-O-O Kc7 14.Bg2 Nh5 15.Rxd6 Kxd6
16.Rd1+ Ke6 17.e5 Kf7 18.Na4 Re8 19.f4 Kg7 20.Bf3 h6 21.Bh4 Nxf4 22.Bf6+ Kg8
23.Nxc5 Ne6 24.Nd7 Nf8 25.Nxf8 Kxf8 26.Rg1 Kf7 27.h4 Be6 28.Be2 Rac8 29.f4 h5
30.b3 c5 31.Bf3 b6 32.Kc2 Rc7 33.Bxh5 Rg8 34.Bf3 Rd7 35.Bg5 Rh8 36.Rh1 Kf8
37.Rd1 Rxd1 38.Kxd1 Rh7 39.Kc2 Rd7 40.Kc3 Rd4 41.a4 Ke8 42.Bc6+ Kf7 43.Bf3 Kf8
44.h5 gxh5 45.Bxh5 a6 46.Be2 Ke8 47.Bf3 Kd7 48.Bb7 a5 49.Bf3 Kc7 50.Be2 Rd7
51.Bf3 Rh7 52.Bd5 Rh3+ 53.Kc2 Kd7 54.Bf6 Re3 55.Bb7 Bf7 56.Bd5 Be6 57.Bb7 Re1
58.Bg5 Bf7 59.Bd5 Bxd5 60.cxd5 Re4 61.Bf6 Rxf4 62.e6+ Kd6 63.Be5+ Kxe5 64.e7
Kxd5 65.e8=Q Rb4 66.Qf7+ Ke5 67.Kd3 Rd4+ 68.Kc3 Rb4 69.Qe7+ Kf4 70.Qf6 Kg4
71.Qg6+ Kf4 72.Qe6 Kg4 73.Qf7 Kf4 74.Kd3 Rd4+ 75.Ke2 Rb4 76.Kf2 Ke5 77.Qe7+
Kf4 78.Qe3+ Kg4 79.Qg3+ Kh5 80.Qg7 Rf4+ 81.Ke3 Rb4 82.Kf3 Re4 83.Qf6 Rb4
84.Qxf5+ Kh6 85.Qf6+ Kh5 86.Kg3 Rg4+ 87.Kf3 Rb4 88.Qe6 Kg5 89.Qf7 Kh6 90.Qg8
Kh5 91.Qg7 Rxb3+ 92.Kf4 Rb4+ 93.Kf5 Kh4 94.Qg2 {#r} 1-0

[Event "It "]
[Site "Sofia (Bulgaria)"]
[Date "2015.01.03"]
[Round "1"]
[White "Orev Petar (BUL)"]
[Black "Kolev Nikolay (BUL)"]
[Result "1-0"]
[WhiteElo "2075"]
[BlackElo "2073"]

1.c4 c5 2.Nc3 Nc6 3.a3 Nf6 4.Rb1 d5 5.cxd5 Nxd5 6.e4 Nc7 7.b4 cxb4 8.axb4 e5
9.b5 Nd4 10.Nf3 Bg4 11.Be2 Bxf3 12.Bxf3 b6 13.O-O Bc5 14.Be2 O-O 15.Bc4 Qd7
16.d3 Kh8 17.Be3 Nde6 18.Qg4 Rfd8 19.Nd5 Rac8 20.g3 Nxd5 21.exd5 Nc7 22.Qxd7
Rxd7 23.Bxc5 bxc5 24.f4 Nxd5 25.fxe5 Kg8 26.Ra1 Ne3 27.e6 Re7 28.Rxf7 Rxf7
29.exf7+ Kf8 30.Rxa7 Nf5 31.b6 Nd6 32.Rd7 {#r} 1-0

[Event "It (open)"]
[Site "Nova Gorica (Slovenia)"]
[Date "2015.02.01"]
[Round "4"]
[White "Brezovar Matjaz (SLO)"]
[Black "Goossens Hanne (BEL)"]
[Result "1-0"]
[WhiteElo "2164"]
[BlackElo "2180"]

1.c4 c5 2.Nc3 Nc6 3.Nf3 g6 4.e3 Bg7 5.d4 cxd4 6.exd4 d6 7.d5 Ne5 8.Nxe5 Bxe5
9.Be2 Bg7 10.O-O Nf6 11.Be3 O-O 12.h3 e5 13.dxe6 Bxe6 14.Qa4 d5 15.Rfd1 Bd7
16.Qb3 dxc4 17.Bxc4 Qc7 18.Rac1 Bc6 19.Nb5 Bxb5 20.Qxb5 a6 21.Qb3 Qe5 22.Qxb7
Rab8 23.Qf3 Rbd8 24.Rxd8 Rxd8 25.Qb7 Ne4 26.Bxf7+ Kf8 27.Bb3 Nd6 28.Qxa6 Qxb2
29.Qb6 Bf6 30.Bh6+ Ke8 31.Qe3+ Be7 32.Re1 Nf5 33.Qe6 {#r} 1-0

[Event "It (open)"]
[Site "Osijek (Croatia)"]
[Date "2015.03.05"]
[Round "1"]
[White "Brkic Valent (CRO)"]
[Black "Leventic Ivan (CRO)"]
[Result "0-1"]
[WhiteElo "1923"]
[BlackElo "2443"]

1.c4 c5 2.Nc3 Nc6 3.Nf3 Nd4 4.e3 Nxf3+ 5.Qxf3 g6 6.b3 Bg7 7.Bb2 d6 8.Qd1 Nh6
9.Be2 O-O 10.O-O Nf5 11.Qc2 e6 12.Rad1 b6 13.Bf3 Rb8 14.Nb5 Nh4 15.Bc6 a6
16.Bxg7 Kxg7 17.Nc3 Qc7 18.Qe4 Nf5 19.d4 Ne7 20.d5 f5 21.Qd3 Nxc6 22.dxc6 Rd8
23.e4 Qxc6 24.exf5 gxf5 25.Qg3+ Kh8 26.Qg5 Rf8 27.Qe7 Bb7 28.f3 d5 29.cxd5
exd5 30.Qe5+ Qf6 31.Qxf6+ Rxf6 32.Nxd5 Bxd5 33.Rxd5 Re8 34.Rfd1 Re2 35.R1d2
Rfe6 36.Kf1 Rxd2 37.Rxd2 Kg7 38.Kf2 Kf6 39.f4 Rc6 40.h3 h5 41.Kg3 b5 42.Kh4
Kg6 43.g4 hxg4 44.hxg4 c4 45.Rc2 c3 46.b4 Rc4 47.Kg3 Kf6 48.g5+ Ke6 49.Kf3 Kd5
50.g6 Ke6 51.Ke3 Kf6 52.a3 Kxg6 53.Rg2+ Kh5 54.Kd3 c2 {#R} 0-1

[Event "It (open)"]
[Site "Voronezh (Russia)"]
[Date "2015.06.20"]
[Round "9"]
[White "Pogosian Georgy (RUS)"]
[Black "Yakimenko Viktoria (RUS)"]
[Result "1-0"]
[WhiteElo "2228"]
[BlackElo "1974"]

1.c4 c5 2.Nc3 Nc6 3.e3 g6 4.d4 d6 5.d5 Nb8 6.e4 Bg7 7.Bd3 Nh6 8.Bg5 f6 9.Bd2
Na6 10.h3 Bd7 11.a3 Nc7 12.b4 b6 13.Rb1 Na6 14.Nge2 O-O 15.O-O Nf7 16.f4 Qc7
17.Nb5 Qb7 18.Nec3 Rac8 19.Na4 Qa8 20.Be3 Bxb5 21.cxb5 Nc7 22.bxc5 dxc5 23.Nb2
e6 24.dxe6 Nxe6 25.Qb3 Nc7 26.Rbe1 Kh8 27.Nc4 Rcd8 28.f5 g5 29.h4 g4 30.Bf4
Qc8 31.h5 Qd7 32.Rd1 Qxb5 33.Qc2 Qc6 34.Ne3 a6 35.Nxg4 h6 36.Bc4 Ng5 37.Bxg5
fxg5 38.f6 Bxf6 39.Rxd8 Bd4+ 40.Rxd4 Rxf1+ 41.Bxf1 {#r} 1-0

[Event "It (open)"]
[Site "Bournemouth (England)"]
[Date "2015.06.21"]
[Round "5"]
[White "Sarakauskas Gediminas (LTU)"]
[Black "Wells Jonathan (ENG)"]
[Result "1-0"]
[WhiteElo "2415"]
[BlackElo "1986"]

1.c4 c5 2.Nc3 Nc6 3.Nf3 g6 4.e3 Bg7 5.d4 cxd4 6.exd4 d6 7.Be3 Nf6 8.d5 Nb8
9.h3 O-O 10.Be2 e5 11.dxe6 Bxe6 12.Nd4 Nc6 13.O-O Nxd4 14.Bxd4 d5 15.Bxf6 Bxf6
16.cxd5 Bxc3 17.dxe6 Bxb2 18.exf7+ Kg7 19.Rb1 Qf6 20.Bc4 b6 21.Qe2 Bd4 22.Rbd1
Rac8 23.Bb3 Rc5 24.Qe4 Rd8 25.Rd2 Rf5 26.Qb7 a5 27.f8=Q+ Kxf8 28.Qxh7 Rg5
29.Re1 {#r} 1-0

[Event "It (open)"]
[Site "Maribor (Slovenia)"]
[Date "2015.07.01"]
[Round "8"]
[White "Urbanc Peter (SLO)"]
[Black "Amon Nejc (SLO)"]
[Result "1-0"]
[WhiteElo "2099"]
[BlackElo "2146"]

1.c4 c5 2.Nc3 Nc6 3.Nf3 e5 4.e3 Nf6 5.d4 cxd4 6.exd4 e4 7.d5 exf3 8.dxc6 dxc6
9.Qxd8+ Kxd8 10.Bf4 Bg4 11.O-O-O+ Ke8 12.Rd3 Be7 13.gxf3 Bf5 14.Re3 Kf8 15.Ne4
Rd8 16.Rg1 Bxe4 17.fxe4 Bc5 18.Rd3 Rxd3 19.Bxd3 Bxf2 20.Bd6+ Kg8 21.Rg2 Bd4
22.e5 Nd7 23.Re2 Nc5 24.Kc2 h5 25.b4 Ne6 26.Be4 Rh6 27.a4 h4 28.b5 cxb5
29.axb5 Bc5 30.Rd2 b6 31.Bxc5 bxc5 32.Rd7 g5 33.Rxa7 g4 34.Ra1 f5 35.exf6 Rxf6
36.Rg1 Nd4+ 37.Kd3 g3 38.hxg3 hxg3 39.Rxg3+ Kf7 40.Rg5 Ne6 41.Bd5 Ke7 42.Re5
Kd6 43.Rxe6+ Rxe6 44.Bxe6 Kxe6 45.Ke4 {#r} 1-0

[Event "It "]
[Site "Hamburg (Germany)"]
[Date "2015.07.19"]
[Round "2"]
[White "Langheinrich Ferenc (GER)"]
[Black "Ploog M"]
[Result "1-0"]
[WhiteElo "2402"]
[BlackElo "2155"]

1.c4 c5 2.Nc3 Nc6 3.Nf3 g6 4.e3 Nf6 5.d4 cxd4 6.exd4 d5 7.Bg5 Ne4 8.cxd5 Nxc3
9.bxc3 Qxd5 10.c4 Qe4+ 11.Be3 Bf5 12.Be2 Bg7 13.Rc1 h6 14.O-O O-O 15.d5 Ne5
16.Nxe5 Qxe5 17.Qd2 g5 18.f4 gxf4 19.Bxf4 Qd4+ 20.Qxd4 Bxd4+ 21.Kh1 Bg7 22.Bg3
Bd7 23.c5 Rac8 24.Bf3 Bb5 25.Rfe1 e6 26.dxe6 fxe6 27.Bxb7 {#r} 1-0

[Event "Ch India (juniors) (under 19) (g)"]
[Site "Dindigul (India)"]
[Date "2015.07.28"]
[Round "8"]
[White "Michelle Catherina P (IND)"]
[Black "Monnisha G K (IND)"]
[Result "1-0"]
[WhiteElo "2242"]
[BlackElo "2103"]

1.c4 c5 2.Nc3 Nc6 3.Nf3 e5 4.e3 Nf6 5.d4 e4 6.Ne5 cxd4 7.exd4 Bb4 8.Be2 Qa5
9.O-O Nxe5 10.dxe5 Qxe5 11.Bd2 a5 12.a3 Bc5 13.Nb5 O-O 14.b4 axb4 15.axb4 Rxa1
16.Qxa1 Bd6 17.Nxd6 Qxd6 18.Rd1 Qe6 19.Bg5 Ng4 20.Qd4 h6 21.Bc1 Nf6 22.c5 Re8
23.Bc4 Qg4 24.h3 Qg6 25.Qd6 Qh5 26.Be3 Qf5 27.Ra1 Qe5 28.Qxe5 Rxe5 29.Ra8 Re8
30.Bf4 g5 31.Bd6 Kg7 32.Rb8 h5 33.Kf1 g4 34.h4 Kg6 35.Ke2 e3 36.fxe3 Ne4
37.Bd3 f5 38.Bxe4 fxe4 39.b5 g3 40.b6 Kf5 41.Bxg3 Kg4 42.Bd6 Kxh4 43.Ra8 Kg4
44.Ra1 Kf5 45.Rf1+ Kg4 46.Rf4+ Kg5 47.Kf2 Re6 48.Kg3 Re8 49.Kh3 Kh6 50.Kh4 Kg6
51.g3 Kh6 52.Rf5 Kg6 53.Rxh5 Kf6 54.g4 Kg6 55.Rg5+ Kf7 56.Kg3 Kf6 57.Rf5+ Kg6
58.Kf4 Kg7 59.Re5 Rxe5 60.Kxe5 Kg6 61.Kxe4 Kg5 62.Kf3 Kf6 63.Kf4 Ke6 64.Kg5
Kf7 65.Kh6 Kg8 66.Kg6 Kh8 67.Kf7 Kh7 68.g5 Kh8 69.Be5+ {#r} 1-0

[Event "It "]
[Site "Bayerisch Eisenstein (Germany)"]
[Date "2015.08.03"]
[Round "2"]
[White "Hausner Ivan (CZE)"]
[Black "Kolb Wolfgang (GER)"]
[Result "1-0"]
[WhiteElo "2331"]
[BlackElo "2058"]

1.c4 c5 2.Nc3 Nc6 3.Nf3 g6 4.e3 Bg7 5.d4 cxd4 6.exd4 d6 7.Be3 Bg4 8.Be2 Nf6
9.d5 Bxf3 10.Bxf3 Ne5 11.Be2 O-O 12.O-O Qc8 13.b3 Neg4 14.Bd2 h5 15.Rc1 Nh6
16.Bd3 Re8 17.Re1 Nf5 18.Bg5 Qd7 19.c5 a6 20.c6 bxc6 21.dxc6 Qc8 22.Bxf6 Bxf6
23.Nd5 Bg5 24.f4 Bh4 25.Bxf5 Qxf5 26.g3 Bf6 27.Nc7 h4 28.Nxa8 Rxa8 29.Qf3 hxg3
30.hxg3 Kg7 31.Kg2 Bb2 32.g4 Qb5 33.Rc2 Bf6 34.g5 Bd4 35.Rxe7 Qf5 36.Rce2 {#r}
1-0

[Event "Ch Argentina (1/2 final)"]
[Site "Buenos Aires (Argentina)"]
[Date "2015.08.22"]
[Round "3"]
[White "De Dovitiis Alejo (ARG)"]
[Black "Arias Juan Carlos (ARG)"]
[Result "1-0"]
[WhiteElo "2353"]
[BlackElo "1655"]

1.c4 c5 2.Nc3 Nc6 3.Nf3 g6 4.e3 Bg7 5.d4 d6 6.d5 Ne5 7.Nxe5 dxe5 8.e4 Nf6
9.Be2 O-O 10.Be3 Qa5 11.O-O Ne8 12.a3 Nd6 13.b4 cxb4 14.axb4 Qxb4 15.Qd3 Nxe4
16.Nxe4 f5 17.Nc5 e4 18.Qa3 Qxa3 19.Rxa3 b6 20.Nb3 e5 21.Bxb6 {#r} 1-0

[Event "Ch Argentina"]
[Site "Buenos Aires (Argentina)"]
[Date "2015.10.07"]
[Round "7"]
[White "Slipak Sergio (ARG)"]
[Black "Alonso Salvador (ARG)"]
[Result "1-0"]
[WhiteElo "2436"]
[BlackElo "2501"]

1.c4 c5 2.Nc3 Nc6 3.Nf3 g6 4.e3 Nf6 5.d4 cxd4 6.exd4 d5 7.Bg5 Ne4 8.cxd5 Nxc3
9.bxc3 Qxd5 10.Qb3 Qxb3 11.axb3 Bg7 12.Bb5 Bd7 13.O-O e6 14.Nd2 f6 15.Bf4 Ne7
16.Bxd7+ Kxd7 17.Ne4 b6 18.Ra6 f5 19.Ng5 Nd5 20.Bd2 Nc7 21.Raa1 a5 22.Rfd1 Nb5
23.Nf3 Rhd8 24.Rac1 Rac8 25.g3 Bf6 26.Re1 Ke7 27.Ng5 Rd6 28.Nxh7 Bg7 29.Ng5
Kd7 30.Nf3 Rdc6 31.Re3 Nxd4 32.Nxd4 Bxd4 33.Rd3 e5 34.Rd1 Rd6 35.cxd4 e4
36.Rc3 Rxd4 37.Rxc8 Kxc8 38.Rc1+ Kb7 39.Be3 Rd3 40.Rb1 b5 41.Kg2 b4 42.g4 fxg4
43.Kg3 {#r} 1-0

[Event "Ch Hungary (team) 2015/16 B"]
[Site "Hungary"]
[Date "2015.10.18"]
[Round "1"]
[White "Kovacs Istvan2 (HUN)"]
[Black "Fekete Albert (HUN)"]
[Result "1-0"]
[WhiteElo "2156"]
[BlackElo "2223"]

1.c4 c5 2.Nc3 Nc6 3.Nf3 e5 4.e3 d6 5.d4 Bg4 6.d5 Nb8 7.Be2 Nf6 8.e4 g6 9.a3
Bg7 10.Rb1 O-O 11.b4 Nbd7 12.Be3 b6 13.Nd2 Bxe2 14.Qxe2 Ne8 15.g4 Kh8 16.h4
Ndf6 17.h5 Nxg4 18.h6 Nxh6 19.Bxh6 Bxh6 20.Rxh6 Ng7 21.Nd1 Nh5 22.Rxh5 gxh5
23.Qxh5 Qf6 24.Rb3 cxb4 25.Rxb4 Qg6 26.Qh4 f5 27.Rb3 Qg1+ 28.Ke2 Qg4+ 29.Qxg4
fxg4 30.Ne3 h5 31.Rb1 Kh7 32.Rh1 Kg6 33.Rg1 Kg5 34.f3 Rf4 35.Nf5 Rd8 36.fxg4
Rxg4 37.Rf1 Rf4 38.Nf3+ Kf6 39.Ke3 Rg4 40.Rh1 Kg6 41.a4 Rd7 42.Rb1 Kf6 43.Rb5
Rg2 44.a5 bxa5 45.c5 dxc5 46.Rxc5 Rd8 47.Rc6+ Kf7 48.Nxe5+ Kg8 49.Rc7 h4
50.Nh6+ Kf8 51.Rf7+ Ke8 52.Rh7 h3 53.Nhg4 Rd6 54.Rxh3 a4 55.Rh8+ Ke7 56.Rh7+
Ke8 57.Rxa7 a3 58.Kf3 Ra2 59.Nc4 {#r} 1-0

[Event "It "]
[Site "Dallas (USA)"]
[Date "2015.11.22"]
[Round "5"]
[White "Ynojosa Aponte Felix J (ENG)"]
[Black "Camacho Calle Pedro (ESP)"]
[Result "1-0"]
[WhiteElo "2410"]
[BlackElo "2068"]

1.c4 c5 2.Nc3 Nc6 3.e3 g6 4.d4 cxd4 5.exd4 d6 6.d5 Ne5 7.f4 Nd7 8.Nf3 Ngf6
9.Bd3 Bg7 10.h3 O-O 11.O-O Nb6 12.Be3 e6 13.dxe6 Bxe6 14.b3 d5 15.c5 Nbd7
16.Rc1 Qe7 17.Re1 Rac8 18.b4 a5 19.a3 axb4 20.axb4 Ra8 21.Nd4 Rfe8 22.Ncb5 Ra2
23.Nd6 Rea8 24.f5 gxf5 25.N6xf5 Qf8 26.Bf4 Ne4 27.Bxe4 dxe4 28.Bd6 Qd8 29.Be7
Qc7 30.Qg4 Qe5 31.Nxe6 fxe6 32.Nh6+ {#r} 1-0

[Event "It "]
[Site "Neuquen (Argentina)"]
[Date "2015.11.23"]
[Round "3"]
[White "Flores Diego (ARG)"]
[Black "Toniutti Ezio (ARG)"]
[Result "1-0"]
[WhiteElo "2570"]
[BlackElo "2230"]

1.c4 c5 2.Nc3 Nc6 3.Nf3 e5 4.a3 Nf6 5.e3 d5 6.cxd5 Nxd5 7.Qc2 Nxc3 8.bxc3 Bd6
9.Bd3 h6 10.h3 Be6 11.c4 O-O 12.g4 a6 13.Bb2 Rc8 14.Rg1 Qe7 15.g5 Kh8 16.Be4
hxg5 17.Rxg5 f5 18.Bxf5 Bxf5 19.Rxf5 e4 20.Rg5 Rxf3 21.Rxg7 Qxg7 22.Bxg7+ Kxg7
23.Qxe4 Ne5 24.Ke2 Rf6 25.Rg1+ Rg6 26.Qxb7+ Rc7 27.Qxa6 Rd7 28.Rxg6+ Nxg6
29.f4 Ne7 30.a4 Nf5 31.Qc8 Rf7 32.a5 {#r} 1-0

[Event "Ch Czech Republic (team) (1 liga) West 2015/16"]
[Site "Czech Republic"]
[Date "2015.12.13"]
[Round "5"]
[White "Richtrova Eliska (CZE)"]
[Black "Petr Jan_ (CZE)"]
[Result "0-1"]
[WhiteElo "2217"]
[BlackElo "2290"]

1.c4 c5 2.Nc3 Nc6 3.Nf3 e5 4.g3 d6 5.Bg2 Be6 6.d3 Be7 7.Nd5 Qd7 8.Ng5 Bxg5
9.Bxg5 Rc8 10.h4 h6 11.Bd2 Nge7 12.Qa4 O-O 13.Nxe7+ Qxe7 14.O-O f5 15.e3 f4
16.Qd1 g5 17.Qh5 Qg7 18.hxg5 hxg5 19.Be4 Rf6 20.Bd5 Bxd5 21.cxd5 Ne7 22.Qg4
Rcf8 23.e4 f3 24.Rfe1 Rg6 25.b4 Qh7 26.bxc5 Rh6 27.Qxg5+ Rg6 {#R} 0-1

[Event "It "]
[Site "Bregenz (Austria)"]
[Date "2016.04.30"]
[Round "1"]
[White "Dobosz Henryk (POL)"]
[Black "Frisch Wilhelm (AUT)"]
[Result "1-0"]
[WhiteElo "2394"]
[BlackElo "1860"]

1.c4 c5 2.Nc3 Nc6 3.e3 g6 4.d4 cxd4 5.exd4 Bg7 6.Nf3 d6 7.Be2 e6 8.O-O Nge7
9.d5 Ne5 10.dxe6 fxe6 11.Bf4 Nxf3+ 12.Bxf3 Bxc3 13.bxc3 e5 14.Bg5 h6 15.Bf6
O-O 16.Bh4 g5 17.Bg3 Nf5 18.Qd5+ Kg7 19.c5 Rf6 20.Bxe5 Be6 21.Qxb7+ {#r} 1-0

[Event "Ch Asia (juniors) (under 20) (g) (active)"]
[Site "Delhi (India)"]
[Date "2016.05.03"]
[Round "4"]
[White "Michelle Catherina P (IND)"]
[Black "Tarini Goyal (IND)"]
[Result "1-0"]
[WhiteElo "2179"]
[BlackElo "2008"]

1.c4 c5 2.Nc3 Nc6 3.Nf3 g6 4.e3 Bg7 5.d4 b6 6.Be2 d6 7.O-O Nf6 8.d5 Nb4 9.a3
Na6 10.e4 Nd7 11.Bd3 O-O 12.Kh1 Nc7 13.Bf4 a6 14.Qe2 Rb8 15.Rfe1 Re8 16.Rad1
Bb7 17.Kg1 Ba8 18.h3 Qc8 19.a4 f6 20.Qe3 Nf8 21.Be2 Qd8 22.Qd2 Bb7 23.Bf1 Bc8
24.Rb1 Bd7 25.Bg3 h6 26.Nh2 g5 27.Be2 Nh7 28.Ng4 h5 29.Ne3 h4 30.Bh2 Rf8
31.Nf5 Bxf5 32.exf5 Qd7 33.Bg4 b5 34.axb5 axb5 35.b3 bxc4 36.bxc4 Rfc8 37.Qe2
Bf8 38.g3 Rb4 39.Nb5 Nxb5 40.cxb5 Rb8 41.gxh4 Qxb5 42.Qe6+ Kh8 43.Rxb4 Qxb4
44.Re2 Qb1+ 45.Kg2 c4 46.Qf7 Qd3 47.hxg5 Nxg5 48.Qh5+ Nh7 49.Bf3 c3 50.Re4
Qxd5 51.Qxh7+ Kxh7 52.Rh4+ Bh6 53.Bxd5 Rb5 54.Be6 Kg7 55.Rg4+ Kh7 56.Rc4 Bd2
57.Kf3 Rb2 58.Bf4 Be1 59.Be3 Kg7 60.Rc7 Kf8 61.h4 Bd2 62.Bxd2 cxd2 63.Ke2
d1=Q+ 64.Kxd1 Rxf2 65.Rc4 Rh2 66.Rg4 d5 67.Rg8# 1-0

[Event "It "]
[Site "Athens (Greece)"]
[Date "2016.05.03"]
[Round "2"]
[White "Nikolaidis Ioannis (GRE)"]
[Black "Koutourinis Apostolos (GRE)"]
[Result "1-0"]
[WhiteElo "2554"]
[BlackElo "2069"]

1.c4 c5 2.Nc3 Nc6 3.Nf3 g6 4.e3 Bg7 5.d4 cxd4 6.exd4 d6 7.d5 Nb8 8.h3 Nf6
9.Bd3 Na6 10.O-O Nc5 11.Bc2 a5 12.Bg5 O-O 13.Qd2 Bd7 14.Bh6 Re8 15.Bxg7 Kxg7
16.Nd4 Rc8 17.Rfe1 e6 18.dxe6 Bxe6 19.Ndb5 d5 20.cxd5 Nxd5 21.Rad1 Na6 22.Nxd5
Bxd5 23.Rxe8 Qxe8 24.Nd6 Qc6 25.Nxc8 Qxc8 26.Qxd5 Qxc2 27.Qe5+ Kh6 28.Rd4 Qc1+
29.Kh2 Qg5 30.Qxg5+ Kxg5 31.Rd5+ Kf6 32.Rxa5 Nb4 33.Rb5 Nxa2 34.Rb6+ Ke5
35.Rxb7 Ke6 36.g4 h6 37.h4 Nc1 38.Rb6+ Ke7 39.h5 gxh5 40.gxh5 f6 41.f4 Ne2
42.Rb4 Kd6 43.Re4 Nc1 44.Kg3 Kd5 45.Re8 Nb3 46.Kg4 Nd4 47.Rd8+ {#r} 1-0

[Event "It (open)"]
[Site "Wunsiedel (Germany)"]
[Date "2016.05.05"]
[Round "1"]
[White "Meister Yakov (GER)"]
[Black "Brunsch Michael (GER)"]
[Result "1-0"]
[WhiteElo "2438"]
[BlackElo "2072"]

1.c4 c5 2.Nc3 Nc6 3.Nf3 g6 4.e3 Nf6 5.d4 cxd4 6.exd4 d5 7.cxd5 Nxd5 8.Qb3 Nxc3
9.Bc4 e6 10.bxc3 Bg7 11.Ba3 Na5 12.Qa4+ Bd7 13.Bb5 Nc6 14.Qb3 a6 15.Be2 Na5
16.Qb2 Rc8 17.Bc5 b5 18.a4 Nb7 19.Ba3 Qc7 20.axb5 axb5 21.O-O Qxc3 22.Qb1 Qc2
23.Bxb5 Qxb1 24.Rfxb1 Bxb5 25.Rxb5 Nd8 26.Bc5 Kd7 27.Rd1 f6 28.g4 g5 29.d5 e5
30.Nd2 Rc7 31.Ne4 Rb7 32.Ra5 h5 33.Ra6 Rh6 34.gxh5 Rxh5 35.Rxf6 Rh4 36.Rg6 Bh6
37.Nf6+ Kc8 38.Bd6 Nf7 39.Rg8+ {#r} 1-0

[Event "It (open)"]
[Site "Brasschaat (Belgium)"]
[Date "2016.08.21"]
[Round "2"]
[White "Docx Stefan (BEL)"]
[Black "Schrickx Frank (BEL)"]
[Result "1-0"]
[WhiteElo "2439"]
[BlackElo "1903"]

1.c4 c5 2.Nc3 Nc6 3.Nf3 g6 4.e3 Bg7 5.d4 cxd4 6.exd4 d6 7.Be2 Bg4 8.Be3 Nf6
9.O-O O-O 10.h3 Bxf3 11.Bxf3 e6 12.Qa4 Qd7 13.Rfd1 d5 14.cxd5 Nxd5 15.Nxd5
exd5 16.Rac1 Rfd8 17.Bg5 Ne5 18.Qb3 Nxf3+ 19.Qxf3 Rdc8 20.Be3 Rc6 21.Rc5 Rxc5
22.dxc5 Bxb2 23.Rxd5 Qc6 24.Qd1 Kg7 25.Qd2 Kg8 26.Bh6 Qf6 27.Rd6 Qh4 28.g3 Bc3
29.gxh4 {#r} 1-0